000
00308nam a2200133Ia 4500
008
150301s2015 xx 000 0 und d
082
_a
615
_b
U10M
100
_a
K. MUKHOPADHYRY
245
_a
UNDERGNADUATE PHARMACOLOGY
260
_b
CBS- DELHI
300
_a
412
650
_a
PHARMACEUTICS
942
_2
ddc
_c
BK
999
_c
7206
_d
7206